| 000 | 00832nac a22002291u 4500 | ||
|---|---|---|---|
| 010 | _a 85000044 | ||
| 020 | _a0070568987 (pbk.) : | ||
| 022 | _a0071002928 | ||
| 082 | 0 | 0 |
_a621.815 _bSHI |
| 090 |
_c6355 _d6355 |
||
| 100 | _aShigley, Joseph Edward | ||
| 245 | 1 | 0 |
_aMechanical engineering design : _bFirst metric eedition / _cJoseph Edward Shigley. |
| 250 | _a1st metric ed. | ||
| 260 |
_aNew York : _bMcGraw-Hill,c1986. _c[1985], c1986. |
||
| 300 |
_axvii, 699 p. : _bill. ; _c24 cm. |
||
| 500 | _aDistributer : Al-Ahram. | ||
| 504 | _aIncludes bibliographical references and index. | ||
| 511 | _aCatalogued By : Mahitab. | ||
| 650 | 0 | _aMachine design. | |
| 942 |
_cBB _k621.815SHI |
||
| 999 |
_c6355 _d6355 |
||